<?xml version="1.0" encoding="UTF-8"?>
<record
    xmlns:xsi="http://www.w3.org/2001/XMLSchema-instance"
    xsi:schemaLocation="http://www.loc.gov/MARC21/slim http://www.loc.gov/standards/marcxml/schema/MARC21slim.xsd"
    xmlns="http://www.loc.gov/MARC21/slim">

  <leader>01955nam2a2200349   4500</leader>
  <controlfield tag="001">RU\NLR\bibl\1085205</controlfield>
  <controlfield tag="005">20250615051149.0</controlfield>
  <datafield tag="010" ind1=" " ind2=" ">
    <subfield code="a">5-8430-0108-3</subfield>
    <subfield code="9">1000</subfield>
  </datafield>
  <datafield tag="021" ind1=" " ind2=" ">
    <subfield code="a">RU</subfield>
    <subfield code="b">2007-21626</subfield>
    <subfield code="9">1139</subfield>
  </datafield>
  <datafield tag="035" ind1=" " ind2=" ">
    <subfield code="a">(NLR Aleph) 001072368</subfield>
  </datafield>
  <datafield tag="090" ind1=" " ind2=" ">
    <subfield code="a">1006857</subfield>
    <subfield code="c">1006857</subfield>
  </datafield>
  <datafield tag="100" ind1=" " ind2=" ">
    <subfield code="a">20070514d2006    |||y0rusy50      ca</subfield>
  </datafield>
  <datafield tag="101" ind1="0" ind2=" ">
    <subfield code="a">rus</subfield>
  </datafield>
  <datafield tag="102" ind1=" " ind2=" ">
    <subfield code="a">RU</subfield>
  </datafield>
  <datafield tag="105" ind1=" " ind2=" ">
    <subfield code="a">a   |||||||||</subfield>
  </datafield>
  <datafield tag="200" ind1="1" ind2=" ">
    <subfield code="a">&#x42D;&#x43A;&#x43E;&#x43D;&#x43E;&#x43C;&#x438;&#x43A;&#x430; &#x41A;&#x430;&#x440;&#x435;&#x43B;&#x438;&#x438; &#x432; &#x43F;&#x435;&#x440;&#x435;&#x445;&#x43E;&#x434;&#x43D;&#x44B;&#x439; &#x43F;&#x435;&#x440;&#x438;&#x43E;&#x434; (1991-2006 &#x433;&#x433;.)</subfield>
    <subfield code="f">&#x412;.&#x413;. &#x411;&#x430;&#x434;&#x430;&#x43D;&#x43E;&#x432;, &#x41F;.&#x412;. &#x414;&#x440;&#x443;&#x436;&#x438;&#x43D;&#x438;&#x43D;, &#x410;.&#x421;. &#x41A;&#x43E;&#x43B;&#x435;&#x441;&#x43E;&#x432; [&#x438; &#x434;&#x440;.</subfield>
    <subfield code="g">&#x440;&#x435;&#x434;&#x43A;&#x43E;&#x43B;.: &#x410;.&#x421;. &#x420;&#x435;&#x432;&#x430;&#x439;&#x43A;&#x438;&#x43D;, &#x434;.&#x44D;.&#x43D;. (&#x43E;&#x442;&#x432;. &#x440;&#x435;&#x434;.) &#x438; &#x434;&#x440;.</subfield>
    <subfield code="g">&#x430;&#x432;&#x442;. &#x438; &#x440;&#x443;&#x43A;. &#x43F;&#x440;&#x43E;&#x435;&#x43A;&#x442;&#x430; &#x410;.&#x421;. &#x41A;&#x43E;&#x43B;&#x435;&#x441;&#x43E;&#x432;]</subfield>
  </datafield>
  <datafield tag="210" ind1=" " ind2=" ">
    <subfield code="d">2006</subfield>
    <subfield code="a">&#x411;. &#x43C;.</subfield>
  </datafield>
  <datafield tag="215" ind1=" " ind2=" ">
    <subfield code="a">199,[1] &#x441;.</subfield>
    <subfield code="c">&#x438;&#x43B;., &#x446;&#x432;. &#x438;&#x43B;., &#x43F;&#x43E;&#x440;&#x442;&#x440;.</subfield>
  </datafield>
  <datafield tag="300" ind1=" " ind2=" ">
    <subfield code="a">&#x41D;&#x430; 196-&#x439; &#x441;. &#x430;&#x432;&#x442;.: &#x41A;&#x43E;&#x43B;&#x435;&#x441;&#x43E;&#x432; &#x410;.&#x421;., &#x43A;.&#x44D;.&#x43D;., &#x437;&#x430;&#x441;&#x43B;. &#x44D;&#x43A;&#x43E;&#x43D;&#x43E;&#x43C;&#x438;&#x441;&#x442; &#x420;&#x43E;&#x441;. &#x424;&#x435;&#x434;&#x435;&#x440;&#x430;&#x446;&#x438;&#x438; &#x438; &#x420;&#x435;&#x441;&#x43F;. &#x41A;&#x430;&#x440;&#x435;&#x43B;&#x438;&#x44F;, &#x411;&#x430;&#x434;&#x430;&#x43D;&#x43E;&#x432; &#x412;.&#x413;., &#x43A;.&#x438;&#x441;&#x442;.&#x43D;., &#x43F;&#x440;&#x435;&#x43F;., &#x414;&#x440;&#x443;&#x436;&#x438;&#x43D;&#x438;&#x43D; &#x41F;.&#x412;., &#x43A;.&#x442;.&#x43D;. [&#x438; &#x434;&#x440;.]</subfield>
  </datafield>
  <datafield tag="320" ind1=" " ind2=" ">
    <subfield code="a">&#x411;&#x438;&#x431;&#x43B;&#x438;&#x43E;&#x433;&#x440;.: &#x441;. 186-189 (121 &#x43D;&#x430;&#x437;&#x432;.)</subfield>
  </datafield>
  <datafield tag="320" ind1=" " ind2=" ">
    <subfield code="a">&#x413;&#x435;&#x43E;&#x433;&#x440;. &#x443;&#x43A;&#x430;&#x437;.: &#x441;. 192-193</subfield>
  </datafield>
  <datafield tag="320" ind1=" " ind2=" ">
    <subfield code="a">&#x423;&#x43A;&#x430;&#x437;. &#x438;&#x43C;&#x435;&#x43D;: &#x441;. 194-195</subfield>
  </datafield>
  <datafield tag="461" ind1=" " ind2="0">
    <subfield code="1">001RU\NLR\bibl\887305</subfield>
    <subfield code="1">2001#$a&#x418;&#x441;&#x442;&#x43E;&#x440;&#x438;&#x44F; &#x44D;&#x43A;&#x43E;&#x43D;&#x43E;&#x43C;&#x438;&#x43A;&#x438; &#x41A;&#x430;&#x440;&#x435;&#x43B;&#x438;&#x438;$v&#x41A;&#x43D;. 3</subfield>
    <subfield code="9">1628112</subfield>
    <subfield code="a">&#x411;&#x430;&#x434;&#x430;&#x43D;&#x43E;&#x432;, &#x412;. &#x413;. (1962-)</subfield>
    <subfield code="c">&#x41F;&#x435;&#x442;&#x440;&#x43E;&#x437;&#x430;&#x432;&#x43E;&#x434;&#x441;&#x43A;</subfield>
    <subfield code="d">2005</subfield>
    <subfield code="f">&#x412;.&#x413;. &#x411;&#x430;&#x434;&#x430;&#x43D;&#x43E;&#x432;, &#x41D;.&#x410;. &#x41A;&#x43E;&#x440;&#x430;&#x431;&#x43B;&#x435;&#x432;, &#x410;.&#x42E;. &#x416;&#x443;&#x43A;&#x43E;&#x432;</subfield>
    <subfield code="n">&#x41F;&#x435;&#x442;&#x440;&#x43E;&#x41F;&#x440;&#x435;&#x441;&#x441;</subfield>
    <subfield code="o">&#x432; 3 &#x43A;&#x43D;.</subfield>
    <subfield code="t">&#x418;&#x441;&#x442;&#x43E;&#x440;&#x438;&#x44F; &#x44D;&#x43A;&#x43E;&#x43D;&#x43E;&#x43C;&#x438;&#x43A;&#x438; &#x41A;&#x430;&#x440;&#x435;&#x43B;&#x438;&#x438;</subfield>
    <subfield code="v">&#x41A;&#x43D;. 3</subfield>
  </datafield>
  <datafield tag="701" ind1=" " ind2="1">
    <subfield code="a">&#x411;&#x430;&#x434;&#x430;&#x43D;&#x43E;&#x432;</subfield>
    <subfield code="b">&#x412;. &#x413;.</subfield>
    <subfield code="f">1962-</subfield>
    <subfield code="g">&#x412;&#x430;&#x434;&#x438;&#x43C; &#x413;&#x435;&#x43E;&#x440;&#x433;&#x438;&#x435;&#x432;&#x438;&#x447;</subfield>
    <subfield code="4">070</subfield>
  </datafield>
  <datafield tag="701" ind1=" " ind2="1">
    <subfield code="a">&#x414;&#x440;&#x443;&#x436;&#x438;&#x43D;&#x438;&#x43D;</subfield>
    <subfield code="b">&#x41F;. &#x412;.</subfield>
    <subfield code="f">1956-</subfield>
    <subfield code="g">&#x41F;&#x430;&#x432;&#x435;&#x43B; &#x412;&#x430;&#x441;&#x438;&#x43B;&#x44C;&#x435;&#x432;&#x438;&#x447;</subfield>
    <subfield code="4">070</subfield>
  </datafield>
  <datafield tag="701" ind1=" " ind2="1">
    <subfield code="a">&#x41A;&#x43E;&#x43B;&#x435;&#x441;&#x43E;&#x432;</subfield>
    <subfield code="b">&#x410;. &#x421;.</subfield>
    <subfield code="f">1949-</subfield>
    <subfield code="g">&#x410;&#x43B;&#x435;&#x43A;&#x441;&#x430;&#x43D;&#x434;&#x440; &#x421;&#x435;&#x43C;&#x435;&#x43D;&#x43E;&#x432;&#x438;&#x447;</subfield>
    <subfield code="4">070</subfield>
  </datafield>
  <datafield tag="801" ind1=" " ind2="0">
    <subfield code="a">RU</subfield>
    <subfield code="b">NLR</subfield>
    <subfield code="c">20070514</subfield>
    <subfield code="g">RCR</subfield>
  </datafield>
  <datafield tag="801" ind1=" " ind2="1">
    <subfield code="a">RU</subfield>
    <subfield code="b">NLR</subfield>
    <subfield code="c">20070514</subfield>
  </datafield>
  <datafield tag="830" ind1=" " ind2=" ">
    <subfield code="a">&#x410;&#x432;&#x442;. &#x43F;&#x43E; &#x43A;&#x43D;</subfield>
  </datafield>
  <datafield tag="942" ind1=" " ind2=" ">
    <subfield code="c">BOOK</subfield>
  </datafield>
  <datafield tag="980" ind1=" " ind2=" ">
    <subfield code="a">NB</subfield>
  </datafield>
  <datafield tag="995" ind1=" " ind2=" ">
    <subfield code="5">2007-05-14</subfield>
    <subfield code="a">ad</subfield>
    <subfield code="b">NLR01</subfield>
    <subfield code="c">NLR01</subfield>
    <subfield code="e">RF3</subfield>
    <subfield code="f">1-3459144</subfield>
    <subfield code="k">2005-8/3729</subfield>
    <subfield code="o">0</subfield>
    <subfield code="r">BOOK</subfield>
    <subfield code="s">200583729_</subfield>
  </datafield>
  <datafield tag="995" ind1=" " ind2=" ">
    <subfield code="5">2007-05-14</subfield>
    <subfield code="a">ad</subfield>
    <subfield code="b">NLR01</subfield>
    <subfield code="c">NLR01</subfield>
    <subfield code="e">RF3</subfield>
    <subfield code="f">2432607</subfield>
    <subfield code="k">2005-8/3729</subfield>
    <subfield code="o">0</subfield>
    <subfield code="r">BOOK</subfield>
    <subfield code="s">200583729_</subfield>
  </datafield>
</record>
